Teach yourself--Lotus Notes 4 / (Record no. 185852)

000 -LEADER
fixed length control field 01112 a2200217 4500
003 - CONTROL NUMBER IDENTIFIER
control field Nust
005 - DATE AND TIME OF LATEST TRANSACTION
control field 20230104114937.0
010 ## - LIBRARY OF CONGRESS CONTROL NUMBER
LC control number 96000233
020 ## - INTERNATIONAL STANDARD BOOK NUMBER
International Standard Book Number 1558284176
040 ## - CATALOGING SOURCE
Transcribing agency Nust
082 00 - DEWEY DECIMAL CLASSIFICATION NUMBER
Classification number 650.028546,KRE
100 1# - MAIN ENTRY--PERSONAL NAME
Personal name Kreisle, Bill.
9 (RLIN) 106749
245 10 - TITLE STATEMENT
Title Teach yourself--Lotus Notes 4 /
Statement of responsibility, etc. Bill Kreisle.
250 ## - EDITION STATEMENT
Edition statement 1st ed.
260 ## - PUBLICATION, DISTRIBUTION, ETC.
Place of publication, distribution, etc. New York :
Name of publisher, distributor, etc. MIS Press,
Date of publication, distribution, etc. 1996.
300 ## - PHYSICAL DESCRIPTION
Extent xx, 443 p. :
Other physical details ill. ;
Dimensions 24 cm. +
Accompanying material 1 computer disk (3 1/2 in.)
505 ## - FORMATTED CONTENTS NOTE
Formatted contents note What is lotus notes (Page-7), How are businesses using notes (Page-23), Using notes to locate databases (Page-37), Using the database window to locate and track documents in a notes database (Page-59), Adding information to notes databases (Page-103), More ways to add information to notes databases (Page-133), Using plain and full-text searching to locate information (Page-179), Replication (Page-207), Lotus notes mail (Page-251), Mobile notes (Page-291), Working faster and smarter (Page-323).
650 #0 - SUBJECT ADDED ENTRY--TOPICAL TERM
Topical term or geographic name entry element Business
General subdivision Computer programs.
9 (RLIN) 19731
650 #0 - SUBJECT ADDED ENTRY--TOPICAL TERM
Topical term or geographic name entry element Database management
General subdivision Computer programs.
9 (RLIN) 98222
942 ## - ADDED ENTRY ELEMENTS (KOHA)
Source of classification or shelving scheme
Koha item type Book
Holdings
Withdrawn status Lost status Source of classification or shelving scheme Damaged status Not for loan Permanent Location Current Location Shelving location Date acquired Total Checkouts Full call number Barcode Date last seen Price effective from Koha item type Public note
          Military College of Signals (MCS) Military College of Signals (MCS) General Stacks 01/04/2023   650.028546,KRE MCS26632 01/04/2023 01/04/2023 Book Almirah No.42, Shelf No.2
© 2023 Central Library, National University of Sciences and Technology. All Rights Reserved.